| 000 | 00541nam a2200181Ia 4500 | ||
|---|---|---|---|
| 003 | GCL | ||
| 008 | 140319s9999 xx 000 0 ara d | ||
| 040 |
_aGCL / _cGCL |
||
| 082 | 0 | 4 |
_a813.087 _bس س |
| 100 | 1 | _aسنية عامر | |
| 245 | 1 | 0 |
_aالسراب : عثمان وشجرة الرمان وحكايات اخرى / _cسنية عامر |
| 300 | _a130 ص | ||
| 490 |
_aكتب الهلال للاولاد والبنات _v0 |
||
| 650 | 0 | 4 | _aالاطفال |
| 650 | 0 | 4 | _aالقصص |
| 650 | 0 | 4 | _aقصص الاطفال |
| 942 |
_2ddc _cBK |
||
| 999 |
_c50558 _d50558 |
||